[Event "26th Pula Open"]
[Site "Pula CRO"]
[Date "2012.06.11"]
[Round "3.29"]
[White "Danner,G"]
[Black "Borkovec,M"]
[Result "1/2-1/2"]
[WhiteElo "2401"]
[BlackElo "2153"]

1.d4 Nf6 2.c4 c5 3.d5 e6 4.Nc3 exd5 5.cxd5 d6 6.Nf3 g6 7.Nd2 Nbd7 8.e4 a6
9.a4 Bg7 10.Be2 O-O 11.O-O Re8 12.h3 Rb8 13.Qc2 h5 14.Nc4 Nb6 15.Na3 Nfd7
16.a5 Na8 17.Nc4 Ne5 18.Ne3 Nc7 19.Bd2 Nd7 20.Nc4 Qe7 21.Bf4 Ne5 22.b3 Bd7
23.Rae1 Nb5 24.Nxb5 Bxb5 25.Qd2 Bxc4 26.bxc4 b5 27.axb6 Rxb6 28.Kh1 Rb4 29.Qc2 Reb8
30.Bc1 Qh4 31.Kg1 Rb3 32.f4 Rxh3 33.gxh3 Qg3+ 34.Kh1 Qxh3+ 35.Kg1  1/2-1/2

[Event "26th Pula Open"]
[Site "Pula CRO"]
[Date "2012.06.12"]
[Round "5.10"]
[White "Pregarac,V"]
[Black "Djurovic,G"]
[Result "1/2-1/2"]
[WhiteElo "2137"]
[BlackElo "2375"]

1.d4 Nf6 2.c4 e6 3.Nf3 c5 4.d5 d6 5.Nc3 exd5 6.cxd5 g6 7.h3 a6 8.a4 Qe7 9.Bf4 Bg7
10.Nd2 O-O 11.Nc4 Ne4 12.Nxe4 Qxe4 13.e3 Rd8 14.Be2 Be5 15.f3 Qf5 16.Bxe5 dxe5
17.g4 Qf6 18.O-O Nc6 19.Qb3 Nb4 20.e4 Qf4 21.Kg2 h5 22.Qe3 Nc2 23.Qxf4 exf4
24.Rac1 Nd4 25.Nb6 Rb8 26.Bd3 Rd6 27.Nc4 Rd8 28.Nb6 Rd6 29.Nc4 Rd8  1/2-1/2

[Event "16th Voronezh Master Open"]
[Site "Voronezh RUS"]
[Date "2012.06.12"]
[Round "1.10"]
[White "Papayan,O"]
[Black "Gabrielian,A"]
[Result "0-1"]
[WhiteElo "2294"]
[BlackElo "2573"]

1.d4 Nf6 2.c4 c5 3.d5 e6 4.Nc3 exd5 5.cxd5 d6 6.Nf3 g6 7.Bf4 a6 8.a4 Bg7
9.Nd2 Nh5 10.Bg3 Nxg3 11.hxg3 Nd7 12.e4 Ne5 13.f4 Ng4 14.Nc4 Bd4 15.Qf3 Nf2
16.Rh4 h5 17.Ne2 Bg4 18.Qb3 Nxe4 19.Nxd4 cxd4 20.Qxb7 O-O 21.Bd3 Nc5  0-1

[Event "26th Pula Open"]
[Site "Pula CRO"]
[Date "2012.06.13"]
[Round "6.27"]
[White "Zierke,O"]
[Black "Borkovec,M"]
[Result "1-0"]
[WhiteElo "2263"]
[BlackElo "2153"]

1.d4 Nf6 2.Nf3 c5 3.d5 e6 4.c4 exd5 5.cxd5 d6 6.Nc3 g6 7.Nd2 Nbd7 8.e4 Bg7
9.Be2 O-O 10.O-O Re8 11.a4 Ne5 12.Ra3 g5 13.Qc2 Qe7 14.Re1 g4 15.Nf1 Nh5
16.Bd2 Qf6 17.Nd1 Qg6 18.Ng3 Nxg3 19.Rxg3 h5 20.f4 h4 21.Rb3 Nf3+ 22.Bxf3 gxf3
23.Rxf3 Bg4 24.f5 Qh5 25.Rf4 Be5 26.Nf2 Bxf4 27.Bxf4 Bxf5 28.Bxd6 Rad8 29.Bf4 Rxd5
30.Qc3 Rd4 31.Be3 Rdxe4 32.Nxe4 Bxe4 33.Bxc5 Qg4 34.Qd2 Rc8 35.Bd4 Rc2 36.Rxe4 Qxe4
37.Qg5+ Kf8 38.Qd8+ Qe8 39.Bg7+  1-0

[Event "Teplice Open 2012"]
[Site "Teplice CZE"]
[Date "2012.06.16"]
[Round "1.2"]
[White "Vorobiov,E"]
[Black "Toman,Ondrej"]
[Result "1-0"]
[WhiteElo "2581"]
[BlackElo "1982"]

1.d4 c5 2.d5 Nf6 3.c4 e6 4.Nc3 exd5 5.cxd5 d6 6.Nf3 g6 7.Bf4 Bg7 8.Qa4+ Bd7
9.Qb3 Qa5 10.Nd2 Qc7 11.Nc4 Nh5 12.Bxd6 Qc8 13.Nb5  1-0

[Event "Teplice Open 2012"]
[Site "Teplice CZE"]
[Date "2012.06.18"]
[Round "3.26"]
[White "Mukashev,A"]
[Black "Jirasek,J"]
[Result "1-0"]
[WhiteElo "2172"]
[BlackElo "1948"]

1.d4 Nf6 2.Nf3 e6 3.c4 c5 4.d5 exd5 5.cxd5 d6 6.Nc3 g6 7.h3 Bg7 8.Qa4+ Nbd7
9.Bf4 O-O 10.Rd1 Nb6 11.Qb3 Nh5 12.Bh2 f5 13.e3 f4 14.Be2 fxe3 15.fxe3 Rxf3
16.Bxf3 Qh4+ 17.Kd2 Nc4+ 18.Ke2 Ne5 19.Qa4 Nxf3 20.gxf3 Qxh3 21.Rdg1 Bd7
22.Qe4 Bf5 23.Qc4 Bd7 24.Bxd6 Qf5 25.Qd3 Qf7 26.Rxh5 gxh5 27.Be5 Bf5 28.Rxg7+ Qxg7
29.Qxf5 Qg2+ 30.Kd1 Rf8 31.Qe6+ Rf7 32.d6 Qxf3+ 33.Kc2 Qc6 34.Nd5 Kf8 35.Nf6 Qa4+
36.Kd2 Qa5+ 37.Bc3 Qd8 38.d7 Kg7 39.Nxh7+ Kg8 40.Qg6+  1-0

[Event "16th Voronezh Master Open"]
[Site "Voronezh RUS"]
[Date "2012.06.18"]
[Round "6.9"]
[White "Rychagov,A"]
[Black "Ponkratov,P"]
[Result "1/2-1/2"]
[WhiteElo "2525"]
[BlackElo "2590"]

1.d4 Nf6 2.c4 e6 3.Nf3 c5 4.d5 exd5 5.cxd5 d6 6.Nc3 g6 7.Bf4 a6 8.a4 Bg7
9.e3 Bg4 10.Be2 Bxf3 11.Bxf3 O-O 12.O-O Qe7 13.a5 Nbd7 14.Na4 Rfb8 15.e4 Re8
16.Re1 Ne5 17.Nb6 Rad8 18.Bxe5 Qxe5 19.Nc4 Qe7 20.Rb1 Nd7 21.Be2 Bd4 22.Bd3 Ne5
23.Nxe5 Qxe5 24.Re2 Rc8 25.Qc2 h5 26.Bc4 h4 27.Qd3 Re7 28.Qh3 Rb8 29.Qxh4 b5
30.axb6 Rxb6 31.g3 Re8 32.b3 a5 33.Rc1 Qe7 34.Qg4 Ra8 35.Ra2 Rb4 36.Ra4 Qe8
37.Rxb4 cxb4 38.Qe2 Qc8 39.Rd1 Qc5 40.Kg2 a4 41.bxa4 Rxa4 42.Bb3 Ra3 43.Rd3 Bc3
44.Qc2 Ra1 45.Rd1 Ra8 46.h4 Kg7 47.Qd3 Re8 48.Bc2 Rc8 49.Bb3 Bf6 50.Qa6 Re8
51.Qe2 Qc3  1/2-1/2

[Event "Hotel El Aguila GM"]
[Site "Utebo ESP"]
[Date "2012.06.19"]
[Round "2.4"]
[White "Del Rey,D"]
[Black "Forcen Esteban,D"]
[Result "0-1"]
[WhiteElo "2390"]
[BlackElo "2457"]

1.d4 Nf6 2.c4 c5 3.d5 e6 4.Nc3 exd5 5.cxd5 d6 6.Nf3 g6 7.Bf4 Bg7 8.Qa4+ Bd7
9.Qb3 Qc7 10.e4 O-O 11.Nd2 Nh5 12.Be3 f5 13.exf5 Bxf5 14.Be2 Nf6 15.h3 Na6
16.a3 Rab8 17.O-O Qd8 18.Nb5 Nc7 19.g4 Bd7 20.Nxc7 Qxc7 21.Rac1 Kh8 22.Bf3 h5
23.g5 Ng8 24.Bg2 Ne7 25.Ne4 Nf5 26.Nf6 Qd8 27.Nxd7 Qxd7 28.Bd2 Nd4 29.Qd3 Qf5
30.Be4 Nf3+ 31.Kg2 Nh4+ 32.Kg1 Qf7 33.f4 Bxb2 34.f5 Nxf5 35.Bxf5 gxf5 36.Rc4 Rbe8
37.Rh4 Bd4+ 38.Kh2 Qxd5 39.Bc3 Qe5+ 40.Kh1 Bxc3 41.Qf3 Kg7 42.g6 Bd2 43.Rxh5 Qe4
44.Rh7+ Kxg6  0-1

[Event "Hotel El Aguila GM"]
[Site "Utebo ESP"]
[Date "2012.06.19"]
[Round "2.5"]
[White "Ducarmon,Q"]
[Black "Antoli Royo,J"]
[Result "0-1"]
[WhiteElo "2368"]
[BlackElo "2401"]

1.d4 Nf6 2.c4 c5 3.d5 e6 4.Nc3 exd5 5.cxd5 d6 6.Nf3 g6 7.Bf4 a6 8.a4 Bg7
9.e3 O-O 10.Be2 Bg4 11.h3 Bxf3 12.Bxf3 Qe7 13.O-O Nbd7 14.Rb1 Rfc8 15.Be2 Ne5
16.a5 c4 17.Na4 Nfd7 18.Qd2 Rab8 19.Rfc1 b5 20.axb6 Nxb6 21.Qa5 Nbd7 22.b3 Nc5
23.Bxc4 Ncd3 24.Bxd3 Rxc1+ 25.Rxc1 Nxd3 26.Rd1 Nxf4 27.exf4 Qb7 28.Rd3 Bf6
29.g3 Kg7 30.Kg2 Qc8 31.Qd2 Rb5 32.Nb2 Bxb2 33.Qxb2+ f6 34.Qd4 Qb7 35.Qc4 Kf7
36.Qe4 Qd7 37.Re3 a5 38.Rc3 f5 39.Qc2 Rb7 40.Rc8 Qe7 41.Kh2 Qe1 42.Rh8 Kg7
43.Qb2+ Kh6 44.h4 Re7 45.Qd4 Qf1 46.Rg8 Kh5 47.Rg7 Re1 48.Rxh7+ Kg4 49.f3+ Qxf3  0-1

[Event "Paleros Open"]
[Site "Paleros GRE"]
[Date "2012.06.20"]
[Round "6"]
[White "Nikolaidis,K"]
[Black "Dragomirescu,C"]
[Result "1/2-1/2"]
[WhiteElo "2278"]
[BlackElo "2185"]

1.d4 Nf6 2.c4 c5 3.d5 e6 4.Nf3 exd5 5.cxd5 d6 6.Nc3 g6 7.Bf4 a6 8.a4 Bg7
9.h3 O-O 10.e3 b6 11.Nd2 Nh5 12.Bh2 f5 13.Be2 f4 14.O-O fxe3 15.fxe3 Qg5
16.Bxh5 gxh5 17.Kh1 Qg6 18.Nc4 Nd7 19.Bxd6 Rxf1+ 20.Qxf1 Bb7 21.Bf4 Bxc3  1/2-1/2

[Event "Teplice Open 2012"]
[Site "Teplice CZE"]
[Date "2012.06.21"]
[Round "6.27"]
[White "Vrublevskaya,O"]
[Black "Zdravkovic,DS"]
[Result "1-0"]
[WhiteElo "2110"]
[BlackElo "1934"]

1.d4 Nf6 2.c4 c5 3.d5 e6 4.Nc3 exd5 5.cxd5 d6 6.Nf3 a6 7.a4 g6 8.h3 Bg7 9.e4 O-O
10.Bd3 Re8 11.O-O Nbd7 12.Nd2 Qc7 13.f4 Nh5 14.Nc4 Bd4+ 15.Kh2 Ndf6 16.Qf3 Rb8
17.a5 Qe7 18.Bd2 Bxc3 19.Bxc3 Nxe4 20.Bxe4 f5 21.Bc2 Bd7 22.Rfe1 Qf8 23.Rxe8 Rxe8
24.Re1 Nf6 25.Rxe8 Nxe8 26.Qe3 Nc7 27.Nb6 Bb5 28.b4 Kf7 29.bxc5 dxc5 30.Qe5 Ne8
31.Qe6+  1-0

[Event "Hotel El Aguila GM"]
[Site "Utebo ESP"]
[Date "2012.06.23"]
[Round "9.3"]
[White "Anton Guijarro,D"]
[Black "Forcen Esteban,D"]
[Result "1-0"]
[WhiteElo "2475"]
[BlackElo "2457"]

1.d4 Nf6 2.c4 c5 3.d5 e6 4.Nc3 exd5 5.cxd5 d6 6.Nf3 g6 7.Bf4 Bg7 8.Qa4+ Bd7
9.Qb3 Qc7 10.e4 O-O 11.Nd2 Nh5 12.Be3 f5 13.exf5 Bxf5 14.Be2 Nf6 15.Nc4 a6
16.Qb6 Qxb6 17.Nxb6 Ra7 18.O-O-O Nbd7 19.Nc4 Ne8 20.g4 Bxc3 21.gxf5 Bg7 22.fxg6 hxg6
23.Rhg1 Rf6 24.Bg4 b5 25.Be6+ Kh8 26.Rg3 Nf8 27.Rh3+ Nh7 28.Nd2 Rf8 29.Rg1 Be5
30.Rxg6 Rg7 31.Rxg7 Nxg7 32.Ne4 Nxe6 33.dxe6 Kg8 34.f4  1-0

[Event "65th ch-RUS HL"]
[Site "Tyumen RUS"]
[Date "2012.06.25"]
[Round "9"]
[White "Khismatullin,D"]
[Black "Yuffa,D"]
[Result "1-0"]
[WhiteElo "2664"]
[BlackElo "2345"]

1.d4 Nf6 2.c4 c5 3.d5 e6 4.Nc3 exd5 5.cxd5 d6 6.Nf3 g6 7.Nd2 Nbd7 8.e4 a6
9.a4 Bg7 10.Be2 O-O 11.O-O Re8 12.Re1 Rb8 13.a5 h6 14.Ra3 g5 15.Qc2 Ne5 16.Nf1 Ng6
17.Ng3 Nf4 18.Bd2 Ng4 19.Bxg4 Bxg4 20.Nd1 b5 21.axb6 Bxd1 22.Qxd1 Qxb6 23.Bxf4 gxf4
24.Nf5 Qxb2 25.Rxa6 Rb4 26.Nxd6 Re7 27.g3 Qf6 28.Rc6 Qg5 29.Qf3 Bd4 30.Nf5 Qxf5
31.exf5 Rxe1+ 32.Kg2 Rb2 33.Qg4+  1-0

[Event "Mukachevo Summer Open"]
[Site "Mukachevo UKR"]
[Date "2012.06.26"]
[Round "1.1"]
[White "Ovsejevitsch,S"]
[Black "Rizsonkov,V"]
[Result "1-0"]
[WhiteElo "2572"]
[BlackElo "2166"]

1.d4 Nf6 2.c4 c5 3.d5 e6 4.Nc3 exd5 5.cxd5 d6 6.Nf3 Be7 7.e4 Bg4 8.Qa4+ Nfd7
9.Nd2 O-O 10.h3 Nb6 11.Qc2 Bc8 12.Bd3 h6 13.O-O Bf6 14.f4 Na6 15.a3 Bd7 16.Nf3 Re8
17.Re1 Bd4+ 18.Be3 Bf6 19.Bf2 Qc7 20.e5 dxe5 21.fxe5 Rxe5 22.Nxe5 Bxe5 23.Qe2 Re8
24.Kh1 g6 25.Qd2 Kh7 26.Be3 Bxc3 27.bxc3 Qd6 28.c4 h5 29.Bf4 Qf6 30.Rxe8 Qxa1+
31.Re1 Qxa3 32.Be5 Nb4 33.Qf4 f5 34.Qg5 N6xd5 35.cxd5 Nxd5 36.Qd8 Kh6 37.h4 Be8
38.Qxe8 Nf6 39.Qh8+  1-0

[Event "40th TCh-GRE 2012"]
[Site "Achaea GRE"]
[Date "2012.06.30"]
[Round "1.10"]
[White "Stavrianakis,I"]
[Black "Tepelenis,N"]
[Result "1-0"]
[WhiteElo "2318"]
[BlackElo "2131"]

1.d4 e6 2.Nf3 Nf6 3.c4 c5 4.d5 exd5 5.cxd5 d6 6.Nc3 g6 7.e4 a6 8.a4 Bg4 9.Be2 Bxf3
10.Bxf3 Bg7 11.O-O O-O 12.Bf4 Qe7 13.Qc2 Nbd7 14.h3 c4 15.Be2 Nc5 16.Bxc4 Nfxe4
17.Rae1 Bxc3 18.bxc3 Qf6 19.Rxe4 Nxe4 20.Qxe4 Rac8 21.Bd2 Rfe8 22.Qd3 Qh4
23.Bb3 Qe4 24.Qxe4 Rxe4 25.Re1 Rxe1+ 26.Bxe1 b5 27.axb5 axb5 28.Kf1 Ra8 29.Ke2 Kg7
30.Bd2 Kf6 31.Bf4 Ra3 32.Bd1 Ke7 33.Kd2 Ra2+ 34.Bc2 Kd7 35.Be3 Ke7 36.Kc1 Ra8
37.Kb2 Rb8 38.Kb3 f5 39.Bg5+ Kd7 40.Bd3 Kc7 41.Be3  1-0

[Event "40th TCh-GRE 2012"]
[Site "Achaea GRE"]
[Date "2012.07.01"]
[Round "3.6"]
[White "Ragger,M"]
[Black "Tepelenis,N"]
[Result "1-0"]
[WhiteElo "2670"]
[BlackElo "2131"]

1.d4 e6 2.c4 c5 3.d5 exd5 4.cxd5 d6 5.Nc3 Nf6 6.Nf3 g6 7.Bf4 a6 8.a4 Bg7
9.h3 O-O 10.e3 Qe7 11.Nd2 Nbd7 12.Be2 Rb8 13.O-O Ne8 14.Re1 Nc7 15.Nc4 Ne5
16.Nb6 Na8 17.Nxc8 Rfxc8 18.Bg3 Nc7 19.f4 Nd7 20.e4 Bd4+ 21.Kh2 b5 22.Qc2 bxa4
23.Rxa4 Rb6 24.Nd1 Bg7 25.Bc4 Rcb8 26.Qd3 Nf6 27.Kh1 Nh5 28.Bh2 Qh4 29.Rf1 Bh6
30.g4 Nf6 31.e5 Nfxd5 32.Bxd5 Nxd5 33.Qxd5 Qxh3 34.Qg2 Qxg2+ 35.Kxg2 d5 36.f5 Rb4
37.Rxb4 Rxb4 38.Kh3 Rd4 39.Nc3 Bd2 40.f6 Rd3+  1-0

[Event "7th Vladimir Dvorkovich Cup"]
[Site "Moscow RUS"]
[Date "2012.07.01"]
[Round "3.2"]
[White "Petrosyan,M"]
[Black "Mirzoev,E"]
[Result "0-1"]
[WhiteElo "2291"]
[BlackElo "2223"]

1.d4 Nf6 2.c4 e6 3.Nf3 c5 4.d5 exd5 5.cxd5 d6 6.Nc3 g6 7.Bf4 a6 8.e3 b5 9.a4 b4
10.Nb1 Bg7 11.Bc4 O-O 12.O-O Nh5 13.Bg5 f6 14.Bh4 g5 15.Bg3 f5 16.Ra2 Nxg3
17.hxg3 Nd7 18.Nbd2 Ra7 19.Ne1 Ne5 20.Nd3 Ng4 21.Nf3 Qf6 22.Nh2 h5 23.Nf3 Bh6
24.b3 Rg7 25.Re2 Qg6 26.Rfe1 h4 27.gxh4 gxh4 28.Nxh4 Qh5 29.g3 f4 30.Nxf4 Rxf4
31.exf4 Qxh4 32.gxh4 Ne3+ 33.Kh1 Nxd1 34.Rxd1 Bg4 35.Rg1 Bxe2 36.Bxe2 Bxf4
37.Rxg7+ Kxg7 38.Bxa6 c4  0-1

[Event "Stockholm Master Open 2012"]
[Site "Stockholm SWE"]
[Date "2012.07.01"]
[Round "5.2"]
[White "Lindgren,P"]
[Black "Lokander,M"]
[Result "1-0"]
[WhiteElo "2230"]
[BlackElo "2285"]

1.d4 e6 2.c4 Nf6 3.Nf3 c5 4.d5 exd5 5.cxd5 d6 6.Nc3 g6 7.g3 Bg7 8.Bg2 O-O
9.O-O a6 10.a4 Re8 11.Bf4 Ne4 12.Nxe4 Rxe4 13.Nd2 Rb4 14.Ra2 Qe7 15.b3 Nd7
16.Nc4 Ne5 17.Nxe5 Bxe5 18.Bd2 a5 19.Bxb4 axb4 20.Qc2 b6 21.Rd1 h5 22.h4 Kg7
23.e3 Bg4 24.Rc1 Bd7 25.Bf1 Qf6 26.Kg2 Bc3 27.Rd1 Kh8 28.Bc4 Bg4 29.Be2 Bd7
30.e4 Qg7 31.f3 Bd4 32.Bb5 Bxb5 33.axb5 Ra3 34.Rd2 Bc3 35.Rf2 Qd4 36.Qc1 Kg7
37.Rxa3 bxa3 38.Qxa3 Qd3 39.Qc1 Bd4 40.Qc2 Qxb5 41.Rf1 Qd7 42.f4 Qg4 43.Qd3 Qd7
44.f5 Be5 45.Qf3 Qe7 46.fxg6 fxg6 47.g4 Qxh4 48.Qf8+ Kh7 49.Rf7+ Bg7 50.Qxg7+  1-0

[Event "40th TCh-GRE 2012"]
[Site "Achaea GRE"]
[Date "2012.07.03"]
[Round "5.13"]
[White "Giannoulakis,Labros"]
[Black "Kelires,Andreas"]
[Result "1-0"]
[WhiteElo "1683"]
[BlackElo "1965"]

1.d4 Nf6 2.c4 e6 3.Nf3 c5 4.d5 exd5 5.cxd5 d6 6.Nc3 g6 7.e4 a6 8.a4 Bg4 9.h3 Bxf3
10.Qxf3 Nbd7 11.Be3 Bg7 12.Qd1 O-O 13.Bd3 Ne8 14.O-O Nc7 15.Qc2 Rb8 16.a5 Qe7
17.Rfe1 b5 18.axb6 Rxb6 19.Ra2 Rfb8 20.Bd2 Bd4 21.Nd1 Nb5 22.Bxb5 axb5 23.Ne3 Ne5
24.b3 Qf6 25.Rc1 Rc8 26.Bc3 Bxe3 27.fxe3 Qg5 28.Qe2 Re8 29.Rf1 Qe7 30.Qf2 Rf8
31.Qf6 Qxf6 32.Rxf6 Nd7 33.Rf4 b4 34.Bb2 Rd8 35.Ra7 Rbb8 36.Bf6 Nxf6 37.Rxf6 Ra8
38.Rxd6 Rxa7 39.Rxd8+ Kg7 40.Rc8 Ra3 41.d6 Ra1+ 42.Kf2 Rd1 43.e5 Rd5 44.e4 Rd4
45.Rxc5 f6 46.Rd5  1-0

[Event "40th TCh-GRE 2012"]
[Site "Achaea GRE"]
[Date "2012.07.04"]
[Round "6.7"]
[White "Asvestopoulou,E"]
[Black "Vafiadou,A"]
[Result "0-1"]
[WhiteElo "1599"]
[BlackElo "1665"]

1.d4 Nf6 2.c4 e6 3.Nf3 c5 4.d5 exd5 5.cxd5 d6 6.Nc3 g6 7.e4 Bg4 8.Be2 Bxf3
9.Bxf3 a6 10.a4 Bg7 11.O-O O-O 12.Bg4 Nxg4 13.Qxg4 Nd7 14.Bg5 Qc7 15.f4 f5
16.Qh4 Nb6 17.Rae1 fxe4 18.Rxe4 Rf7 19.Rfe1 Bf8 20.Bf6 Nd7 21.Be7 Bxe7 22.Rxe7 Raf8
23.f5 Qb6 24.a5 Qxb2 25.fxg6 hxg6 26.Qg3 Ne5 27.Re6 Qd2 28.h4 Qd4+ 29.Kh1 Ng4
30.Rxg6+ Rg7 31.Rxg7+ Qxg7 32.Qh3  0-1

[Event "40th TCh-GRE 2012"]
[Site "Achaea GRE"]
[Date "2012.07.05"]
[Round "7.7"]
[White "Barbageorgopoulou,F"]
[Black "Terzidaki,A"]
[Result "1-0"]
[WhiteElo "1842"]
[BlackElo "1960"]

1.d4 e6 2.c4 Nf6 3.Nf3 c5 4.d5 exd5 5.cxd5 d6 6.Nc3 g6 7.e4 Bg7 8.Bd3 O-O
9.O-O a6 10.a4 Bg4 11.Re1 Nbd7 12.Bf4 Qc7 13.h3 Bxf3 14.Qxf3 Rfe8 15.Re2 Ne5
16.Bxe5 Rxe5 17.Rae1 Nd7 18.Qe3 c4 19.Bc2 f5 20.Qd2 fxe4 21.Nxe4 Nc5 22.Ng5 Rae8
23.f4 R5e7 24.Kh1 b5 25.axb5 axb5 26.f5 Qa7 27.fxg6 Rxe2 28.gxh7+ Kh8 29.Rxe2 Qa1+
30.Kh2 Rf8 31.Nf7+ Rxf7 32.Re8+ Rf8 33.Rxf8+ Bxf8 34.Qg5 Bg7 35.Qd8+  1-0

[Event "Werner-Ott-Open 2012"]
[Site "Berlin GER"]
[Date "2012.07.07"]
[Round "1.11"]
[White "Johansson,G1"]
[Black "Ruether,Marc"]
[Result "1-0"]
[WhiteElo "2225"]
[BlackElo "1811"]

1.d4 Nf6 2.Nf3 c5 3.d5 e6 4.c4 exd5 5.cxd5 d6 6.Nc3 g6 7.e4 Bg7 8.h3 O-O
9.Bd3 Na6 10.O-O Nc7 11.Re1 a6 12.a4 Rb8 13.Rb1 b5 14.axb5 axb5 15.b4 Nd7
16.Ne2 Re8 17.Bf4 Rb6 18.Qd2 Na6 19.bxc5 Naxc5 20.Bxb5 Nxe4 21.Qc2 Rxb5 22.Rxb5 Ba6
23.Rb3 Ndc5 24.Ra3 Qa8 25.Qa2 Rb8 26.Ned4 Rb4 27.Rxe4 Nxe4 28.Rxa6 Qb7 29.Ra8+ Bf8
30.Bh6  1-0

[Event "ch-NOR 2012"]
[Site "Sandefjord NOR"]
[Date "2012.07.08"]
[Round "2.1"]
[White "Hammer,J"]
[Black "Groenn,A"]
[Result "1-0"]
[WhiteElo "2638"]
[BlackElo "2370"]

1.d4 Nf6 2.c4 c5 3.d5 e6 4.Nc3 exd5 5.cxd5 d6 6.Nf3 g6 7.Bf4 Bg7 8.Qa4+ Bd7
9.Qb3 Qc7 10.e4 O-O 11.Be2 Nh5 12.Be3 a6 13.a4 Bg4 14.h3 Bxf3 15.Bxf3 Nd7
16.O-O c4 17.Qc2 Nc5 18.Ne2 Nd3 19.Bxh5 gxh5 20.Ng3 Rae8 21.Ra3 Nxb2 22.Nf5 Bf6
23.Bf4 Rd8 24.Rb1 c3 25.e5 dxe5 26.Rxc3 Qd7 27.Nh6+ Kh8 28.Rc7 Qxa4 29.Qxa4 Nxa4
30.Nxf7+ Rxf7 31.Rxf7 exf4 32.Rxf6 b5 33.Rxa6 Rxd5 34.Ra7 Nc3 35.Re1 Rd8
36.Ree7 b4 37.Rab7  1-0

[Event "86th ch-ARG 2012"]
[Site "La Plata ARG"]
[Date "2012.07.09"]
[Round "7.1"]
[White "Lemos,D"]
[Black "Perez Ponsa,F"]
[Result "1/2-1/2"]
[WhiteElo "2545"]
[BlackElo "2489"]

1.d4 Nf6 2.Nf3 c5 3.d5 e6 4.c4 exd5 5.cxd5 d6 6.Nc3 g6 7.Qa4+ Bd7 8.Qb3 Qc7
9.Bf4 Bg7 10.e4 O-O 11.Bd3 Na6 12.O-O Nh5 13.Be3 Rab8 14.Qd1 Rfe8 15.Nd2 Qd8
16.Re1 b5 17.a4 Nc7 18.axb5 Na6  1/2-1/2

[Event "9th South Wales Int"]
[Site "Penarth WLS"]
[Date "2012.07.09"]
[Round "4.14"]
[White "Phillips,William"]
[Black "Brown,Th"]
[Result "1/2-1/2"]
[WhiteElo "1984"]
[BlackElo "2104"]

1.d4 Nf6 2.Nf3 e6 3.c4 c5 4.d5 d6 5.Nc3 exd5 6.cxd5 g6 7.e4 Bg7 8.Bd3 O-O
9.O-O Bg4 10.h3 Bxf3 11.gxf3 a6 12.a4 Nh5 13.f4 Qh4 14.Qg4 Qd8 15.Kh1 Nd7
16.Rg1 Kh8 17.Bd2 Ndf6 18.Qg2 Ng8 19.Be2 Nhf6 20.e5 Ne8 21.e6 Ne7 22.Ne4 f6
23.Ng3 f5 24.Bc3 Nf6 25.Bf3 b5 26.axb5 axb5 27.b3 Qb6 28.h4 Rxa1 29.Bxa1 Rg8
30.h5 Nxh5 31.Nxh5 Bxa1 32.Rxa1 gxh5 33.Qh2 c4 34.Bxh5 cxb3 35.f3 Qd4 36.Rb1 Ra8
37.Qh4 Ra1 38.Rxa1 Qxa1+ 39.Kh2 Qb2+ 40.Kh3 Qg7 41.Bf7 Qc3 42.Qxe7 Qxf3+
43.Kh2  1/2-1/2

[Event "4th Rethymno Open"]
[Site "Rethymno GRE"]
[Date "2012.07.09"]
[Round "4.29"]
[White "Le Huec,M1"]
[Black "Kelires,Andreas"]
[Result "1/2-1/2"]
[WhiteElo "2274"]
[BlackElo "1965"]

1.d4 Nf6 2.c4 e6 3.Nf3 c5 4.d5 d6 5.Nc3 exd5 6.cxd5 g6 7.Bf4 a6 8.a4 Bg7
9.h3 Qe7 10.e3 O-O 11.Bd3 Nbd7 12.O-O Ne8 13.e4 Ne5 14.Re1 Rb8 15.Bf1 Bd7
16.a5 Nc7 17.Nxe5 Bxe5 18.Bxe5 Qxe5 19.Qd2 Rfe8 20.Rad1 b6 21.f4 Qg7 22.axb6 Rxb6
23.Qf2 f6 24.Rd2 Bb5 25.Nxb5 axb5 26.b4 Na6 27.Rb2 Qb7 28.bxc5 Nxc5 29.Qd4 Qe7
30.Rxb5 Ra6 31.e5 Ra4 32.Qf2 fxe5 33.fxe5 Ne4 34.Qc2 Qa7+ 35.Kh2 Qd4 36.exd6 Qe5+
37.Kg1 Qd4+ 38.Kh2 Qe5+  1/2-1/2

[Event "4th Rethymno Open"]
[Site "Rethymno GRE"]
[Date "2012.07.09"]
[Round "4.13"]
[White "Bellia,F"]
[Black "Filip,L"]
[Result "1-0"]
[WhiteElo "2428"]
[BlackElo "2481"]

1.d4 Nf6 2.c4 e6 3.Nf3 c5 4.d5 d6 5.Nc3 exd5 6.cxd5 g6 7.Qa4+ Bd7 8.Qb3 Qc7
9.e4 Bg7 10.Bc4 O-O 11.O-O a6 12.a4 Bg4 13.Nd2 Re8 14.Re1 Bc8 15.h3 Nbd7
16.Nf3 Rb8 17.e5 Nxe5 18.Nxe5 Rxe5 19.Rxe5 dxe5 20.d6 Qxd6 21.Bxf7+ Kh8 22.Bg5 Bf5
23.g4 Bd3 24.Rd1 e4 25.Nxe4 Nxe4 26.Rxd3 Bd4 27.Be3 Qf6 28.Qe6 Bxe3 29.Qxf6+ Nxf6
30.Rxe3 b5 31.a5 Rb7 32.Be6 Rc7 33.Rd3 Rc6 34.Rd8+ Kg7 35.Bc8 c4 36.Bb7 Rc5
37.Rc8 Rxc8 38.Bxc8 Ne4 39.Bxa6 Nd6 40.Bb7 b4 41.Bd5 c3 42.bxc3 bxc3 43.Bb3 g5
44.a6 Nb5 45.Kf1 Kf6 46.Ke2 Ke5 47.Kd3 Kf4 48.Ba4 Nc7 49.a7 Kf3 50.Kxc3 Kxf2
51.Kd4 Kg3 52.Kc5  1-0

[Event "St. Pauli Open 2012"]
[Site "Hamburg GER"]
[Date "2012.07.11"]
[Round "5.17"]
[White "Sturm,Timo"]
[Black "Wobbe,S"]
[Result "1-0"]
[WhiteElo "2002"]
[BlackElo "2192"]

1.d4 Nf6 2.Nf3 e6 3.c4 c5 4.d5 exd5 5.cxd5 d6 6.Nc3 g6 7.e4 Bg7 8.Bd3 O-O
9.O-O Bg4 10.Re1 Nbd7 11.Bf4 Ne8 12.Rb1 a6 13.a4 Ne5 14.Be2 Nxf3+ 15.Bxf3 Bxf3
16.Qxf3 Qd7 17.e5 dxe5 18.Bxe5 b5 19.d6 Nxd6 20.Rbd1 Rae8 21.Bxg7 Rxe1+ 22.Rxe1 Kxg7
23.Nd5 Qf5 24.Qc3+ f6 25.Qxc5 Nf7 26.Qc6 bxa4 27.Nc7 Kg8 28.h3 Qc8 29.Re7 Qd8
30.Rd7 Qc8 31.Qe6 Qb8 32.Qxf6 a3 33.Nd5 Qe5 34.Ne7+ Qxe7 35.Rxe7 axb2 36.Qxb2  1-0

[Event "86th ch-ARG 2012"]
[Site "La Plata ARG"]
[Date "2012.07.11"]
[Round "10.5"]
[White "Pierrot,Fac"]
[Black "Ricardi,P"]
[Result "0-1"]
[WhiteElo "2442"]
[BlackElo "2500"]

1.d4 Nf6 2.c4 e6 3.Nf3 c5 4.d5 d6 5.Nc3 exd5 6.cxd5 g6 7.e4 Bg7 8.h3 O-O
9.Bd3 a6 10.a4 Nbd7 11.O-O Nh5 12.Bg5 Bf6 13.Bh6 Re8 14.a5 Rb8 15.Qd2 Ne5
16.Nxe5 Bxe5 17.Ne2 b5 18.axb6 Rxb6 19.Ra2 Rb4 20.f4 Bh8 21.Kh2 Nf6 22.Bg5 h6
23.Bxf6 Bxf6 24.Nc3 Bg7 25.Bxa6 Bxc3 26.bxc3 Rbxe4 27.Bxc8 Qxc8 28.f5 g5
29.f6 R8e5 30.Qd1 Qe8 31.Qa1 Re1 32.Rxe1 Rxe1 33.Ra8 Rxa1 34.Rxe8+ Kh7 35.Rd8 Ra6
36.Kg3 Kg6 37.Kf3 Kxf6 38.Re8 Ra2 39.c4 Rc2 40.Re4 Rc3+  0-1

[Event "87th ch-Paris IdF Open"]
[Site "Paris FRA"]
[Date "2012.07.11"]
[Round "5.15"]
[White "Song,Ju"]
[Black "Rindlisbacher,L"]
[Result "0-1"]
[WhiteElo "2398"]
[BlackElo "2266"]

1.d4 Nf6 2.c4 e6 3.Nf3 c5 4.d5 d6 5.Nc3 exd5 6.cxd5 g6 7.Bg5 Bg7 8.Nd2 h6
9.Bh4 g5 10.Bg3 Nh5 11.Qa4+ Kf8 12.Qc2 Nxg3 13.hxg3 Nd7 14.e3 Ne5 15.Be2 Kg8
16.f3 h5 17.Nde4 Qe7 18.Nf2 Ng6 19.Bd3 Qxe3+ 20.Kf1 c4 21.Bxg6 fxg6 22.Qxg6 Rh6
23.Qc2 Bd7 24.Re1 Qd4 25.Re4 Qb6 26.Re7 Qd8 27.Qe4 Kf8 28.Rxg7 Kxg7 29.Qxc4 Qb6
30.Nfe4 Re8 31.Qe2 Qd4 32.Qd2 Qxd2 33.Nxd2 b5 34.a3 a5 35.Kf2 Rc8 36.Ke3 b4
37.axb4 axb4 38.Nce4 g4 39.Ra1 Bf5 40.Ra7+ Kf8 41.Rb7 Bxe4 42.fxe4 Rc1 43.Rxb4 Rf6
44.Rb8+ Kg7 45.b4 Rg1 46.b5 Rxg2 47.b6 Rxg3+ 48.Kd4 Rf2 49.Nc4 Rb3 50.Nxd6 g3
51.Ne8+ Kh6 52.Nc7 g2 53.Rg8 Rxb6 54.Ne6 Rb1 55.Rh8+ Kg6 56.Rg8+ Kh7 57.Rg7+ Kh6
58.d6 g1=Q 59.Rxg1 Rxg1 60.Ke3 Rf6 61.d7 Rd1 62.d8=Q Rxd8 63.Nxd8 h4 64.e5 Rf5
65.e6 h3 66.Nf7+ Kg6 67.Nd6 h2 68.e7 Re5+ 69.Kf4 Rxe7  0-1

[Event "22nd Gorges Open"]
[Site "Gorges FRA"]
[Date "2012.07.13"]
[Round "7.3"]
[White "Batard,D"]
[Black "Chabradze,B"]
[Result "0-1"]
[WhiteElo "1987"]
[BlackElo "2202"]

1.d4 c5 2.d5 e6 3.c4 exd5 4.cxd5 Nf6 5.Nc3 d6 6.Nf3 Bf5 7.e4 Bg6 8.Bb5+ Nbd7
9.O-O a6 10.Bxd7+ Qxd7 11.a4 Be7 12.a5 O-O 13.Na4 Rae8 14.e5 Ng4 15.Nb6 Qb5
16.e6 fxe6 17.dxe6 Be4 18.Ra3 Bxf3 19.Rxf3 Rxf3 20.Qxf3 Qxf1+  0-1

[Event "Turkish Bank Chess League 2012"]
[Site "Konya TUR"]
[Date "2012.07.13"]
[Round "3"]
[White "Savina,A"]
[Black "Reyhan,D"]
[Result "1/2-1/2"]
[WhiteElo "2304"]
[BlackElo "2361"]

1.d4 Nf6 2.c4 e6 3.Nc3 c5 4.d5 d6 5.Nf3 exd5 6.cxd5 g6 7.Nd2 Bg7 8.e4 O-O
9.Be2 Re8 10.O-O Nbd7 11.f4 Nb6 12.a4 a5 13.h3 c4 14.Bf3 Nfd7 15.Nb5 Nc5
16.Qc2 f5 17.e5 dxe5 18.fxe5 Nd3 19.Nxc4 Nxc4 20.Qxd3 Nxe5 21.Qb3 Nxf3+ 22.Qxf3 Bd7
23.Kh1 Bxb5 24.axb5 Re4 25.Rd1 Qd6 26.Bd2 Qxd5 27.Bxa5 Qxb5 28.Bc3 Rxa1 29.Rxa1 Qe8
30.Qd3 Bxc3 31.Qxc3 Re2 32.Rd1 Qc6 33.Qxc6 bxc6 34.Rc1 Re6 35.b4 Kg7 36.Rc5 Kf6
37.b5 cxb5 38.Rxb5 Re2 39.Rb4 Kg5 40.Kh2 f4 41.Rb5+ Kh4 42.Rb4 g5 43.Rb7 h5
44.Rf7 Re1 45.Rf8 Rf1 46.Rf7 Ra1 47.Rf8 Ra3 48.Rf7 Ra4 49.Rf8 Ra3 50.Rf7 Rg3
51.Rf8 Rd3 52.Rf7 Rd2 53.Rf8 Rf2 54.Rf7  1/2-1/2

[Event "Turkish Bank Chess League 2012"]
[Site "Konya TUR"]
[Date "2012.07.13"]
[Round "3"]
[White "Arduman,C"]
[Black "Pantsulaia,L"]
[Result "1/2-1/2"]
[WhiteElo "2336"]
[BlackElo "2557"]

1.d4 Nf6 2.c4 c5 3.d5 e6 4.Nc3 exd5 5.cxd5 d6 6.Nf3 g6 7.Bf4 Bg7 8.h3 O-O
9.e3 Na6 10.Bc4 Nc7 11.a4 a6 12.O-O b6 13.e4 Bb7 14.Re1 Nfe8 15.Qd3 Rb8 16.Rab1 Bc8
17.b4 Bd7 18.b5 Bxc3 19.Qxc3 axb5 20.axb5 f6 21.Qb3 Kh8 22.Bd2 Ng7 23.Bc3 Kg8
24.Qb2 Ra8 25.Ra1 Rxa1 26.Rxa1 Nh5 27.Nd2 Qe8 28.Ra7 Qb8 29.Ra3 Qe8 30.Ra7 Qb8
31.Ra3 Qe8 32.Ra7 Qb8  1/2-1/2